Statistics for Five Least Guessed Capital Cities by Continent

Click here to take the quiz!

General Stats

  • This quiz has been taken 783 times
  • The average score is 14 of 30

Answer Stats

ContinentCapital City% Correct
South AmericaGeorgetown
72%
South AmericaParamaribo
69%
South AmericaQuito
69%
South AmericaAsunción
67%
South AmericaMontevideo
67%
EuropePodgorica
66%
EuropeChișinău
65%
EuropePristina
65%
EuropeSkopje
62%
AsiaBishkek
51%
OceaniaNuku'alofa
49%
North AmericaCastries
48%
OceaniaNgerulmud
48%
AsiaAshgabat
47%
AsiaDushanbe
46%
North AmericaSaint George's
46%
North AmericaBasseterre
42%
OceaniaHoniara
42%
EuropeLjubljana
41%
OceaniaMajuro
41%
OceaniaPalikir
40%
North AmericaRoseau
40%
AfricaMbabane
38%
AfricaMaseru
36%
AsiaSri Jaya... Kotte
32%
North AmericaTegucigalpa
31%
AfricaMalabo
27%
AsiaNaypyidaw
27%
AfricaNouakchott
25%
AfricaYamoussoukro
23%

Score Distribution

Percentile by Number Answered

Percent of People with Each Score

Your Score History

You have not taken this quiz